[Event "Thüringenliga 2015/2016"]
[Site "?"]
[Date "2016.02.14"]
[Round "6"]
[White "Möller, Axel"]
[Black "Schmidt, Frank"]
[Result "1/2-1/2"]
[WhiteElo "2007"]
[BlackElo "1956"]
[PlyCount "44"]
[EventDate "2016.??.??"]
[WhiteTeam "Ilmenauer SV"]
[BlackTeam "ESV Gera"]

1. c4 Nf6 2. g3 g6 3. Bg2 Bg7 4. Nc3 O-O 5. d4 d6 6. Nf3 Nc6 7. e4 a6 8. d5 Na5
9. Qd3 c5 10. O-O Rb8 11. Nd2 b5 12. h3 Ne8 13. Re1 Nc7 14. Bf1 Bd7 15. cxb5
Nxb5 16. Nxb5 Bxb5 17. Qc2 Qd7 18. Bxb5 Rxb5 19. Kg2 Rfb8 20. Rb1 Qb7 21. b3
Rc8 22. Ba3 Qd7 1/2-1/2

[Event "Thüringenliga 2015/2016"]
[Site "?"]
[Date "2016.02.14"]
[Round "6"]
[White "Hilbig, Dieter"]
[Black "Töpfer, Albrecht"]
[Result "0-1"]
[WhiteElo "1880"]
[BlackElo "1977"]
[PlyCount "56"]
[EventDate "2016.??.??"]
[WhiteTeam "ESV Gera"]
[BlackTeam "Ilmenauer SV"]

1. e4 c5 2. Nc3 Nc6 3. f4 g6 4. Nf3 Bg7 5. Bb5 Nd4 6. O-O Nxb5 7. Nxb5 d5 8.
exd5 Nf6 9. c4 O-O 10. a4 e6 11. dxe6 Bxe6 12. d3 Ng4 13. h3 a6 14. hxg4 axb5
15. cxb5 Bxg4 16. Qc2 Re8 17. Bd2 Bxf3 18. Rxf3 Bd4+ 19. Kh2 Re2 20. Raf1 Qe7
21. Qc1 Rxa4 22. Bc3 Be3 23. Qd1 Qh4+ 24. Rh3 Bxf4+ 25. Kh1 Qg4 26. Qxe2 Qxe2
27. Re1 Qxe1+ 28. Bxe1 Ra1 0-1

[Event "Thüringenliga 2015/2016"]
[Site "?"]
[Date "2016.02.14"]
[Round "6"]
[White "Rempel, Patrick"]
[Black "Steinmüller, Johannes"]
[Result "1/2-1/2"]
[WhiteElo "2026"]
[BlackElo "1722"]
[PlyCount "76"]
[EventDate "2016.??.??"]
[WhiteTeam "Ilmenauer SV"]
[BlackTeam "ESV Gera"]

1. e4 c5 2. Nf3 Nc6 3. Bb5 g6 4. O-O Bg7 5. Re1 Nf6 6. Nc3 O-O 7. e5 Ne8 8.
Bxc6 dxc6 9. d3 Nc7 10. Be3 b6 11. Qd2 Nd5 12. Bh6 Nxc3 13. bxc3 Bg4 14. Re4
Bxf3 15. gxf3 e6 16. Rae1 Qe7 17. Bg5 f6 18. exf6 Bxf6 19. Bxf6 Rxf6 20. R1e3
Re8 21. Qe2 Qd7 22. f4 Qd5 23. c4 Qd7 24. c3 Qf7 25. d4 cxd4 26. cxd4 Rxf4 27.
Rxe6 Rxe6 28. Rxe6 Rxf2 29. Re8+ Kg7 30. Qe5+ Kh6 31. Qe3+ Rf4 32. Re4 g5 33.
Re6+ Rf6 34. Re7 Rf1+ 35. Kg2 Rf2+ 36. Kg1 Rf1+ 37. Kg2 Rf2+ 38. Kg1 Rf1+
1/2-1/2

[Event "Thüringenliga 2015/2016"]
[Site "?"]
[Date "2016.02.14"]
[Round "6"]
[White "Kupper, Matthias"]
[Black "Falk, Kristoffer"]
[Result "1-0"]
[WhiteElo "1741"]
[BlackElo "1871"]
[PlyCount "69"]
[EventDate "2016.??.??"]
[WhiteTeam "ESV Gera"]
[BlackTeam "Ilmenauer SV"]

1. e4 c5 2. Nf3 e6 3. d4 cxd4 4. Nxd4 Nc6 5. Nc3 Qc7 6. Be3 a6 7. a3 Nf6 8. Be2
b5 9. O-O Bb7 10. f4 d6 11. Bf3 Be7 12. Qe2 O-O 13. Rad1 Na5 14. f5 e5 15. Nb3
Nc4 16. Bc1 Nxa3 17. bxa3 Qxc3 18. Rd3 Qc7 19. g4 Rfd8 20. g5 Ne8 21. Bh5 d5
22. Bxf7+ Kxf7 23. Qh5+ Kg8 24. Rh3 h6 25. Qg6 Bxg5 26. Bxg5 hxg5 27. Qe6+ Qf7
28. Rh8+ Kxh8 29. Qxf7 Bc6 30. Rf3 g4 31. Rc3 Rd6 32. Na5 Rf6 33. Qe7 Rc8 34.
exd5 Rc7 35. Qxe5 1-0

[Event "Thüringenliga 2015/2016"]
[Site "?"]
[Date "2016.02.14"]
[Round "6"]
[White "Leuner, Klaus"]
[Black "Liebold, Aaron"]
[Result "1/2-1/2"]
[WhiteElo "1843"]
[BlackElo "1567"]
[PlyCount "27"]
[EventDate "2016.??.??"]
[WhiteTeam "Ilmenauer SV"]
[BlackTeam "ESV Gera"]

1. d4 d5 2. c4 e6 3. Nc3 c6 4. Nf3 Nf6 5. Bg5 Be7 6. e3 Nbd7 7. a3 b6 8. Bd3
Bb7 9. cxd5 exd5 10. O-O O-O 11. h3 Re8 12. Bf4 Nf8 13. Ne5 Ng6 14. Nxg6
1/2-1/2

[Event "Thüringenliga 2015/2016"]
[Site "?"]
[Date "2016.02.14"]
[Round "6"]
[White "Steinacker, Alex"]
[Black "Recknagel, Michael"]
[Result "1-0"]
[WhiteElo "2177"]
[BlackElo "2194"]
[PlyCount "77"]
[EventDate "2016.??.??"]
[WhiteTeam "Erfurter Schachklub"]
[BlackTeam "SC Suhl"]

1. g3 Nf6 2. Bg2 d5 3. Nf3 Nc6 4. d4 g6 5. O-O Bg7 6. c4 dxc4 7. Na3 Bf5 8.
Nxc4 O-O 9. b3 Be4 10. Bb2 Qc8 11. Ncd2 Bd5 12. Re1 Ne4 13. Nh4 f5 14. e3 Qd7
15. Nc4 Ng5 16. Nf3 Nxf3+ 17. Bxf3 Rad8 18. Qe2 b5 19. Nd2 a6 20. Bxd5+ Qxd5
21. Nf3 Rd7 22. Rec1 h6 23. Rc5 Qe6 24. Rac1 Nb4 25. Ba3 Nd5 26. Rc6 Qf7 27.
Rxa6 g5 28. Ne5 Bxe5 29. dxe5 Nb6 30. Rc6 Rfd8 31. e6 Rd1+ 32. Kg2 Qg6 33. Bxe7
R8d2 34. Qf3 g4 35. Qf4 Nd5 36. Ra8+ Kh7 37. Qe5 Nxe3+ 38. Qxe3 Qg7 39. Rxc7 {
ZÜ} 1-0

[Event "Thüringenliga 2015/2016"]
[Site "?"]
[Date "2016.02.14"]
[Round "6"]
[White "Silberschlag, Jörg"]
[Black "Heinzel, Olaf"]
[Result "0-1"]
[WhiteElo "2075"]
[BlackElo "2338"]
[PlyCount "66"]
[EventDate "2016.??.??"]
[WhiteTeam "SC Suhl"]
[BlackTeam "Erfurter Schachklub"]

1. e4 d5 2. exd5 Qxd5 3. d4 e5 4. dxe5 Qxd1+ 5. Kxd1 Nc6 6. Bf4 Nge7 7. Bb5
Bg4+ 8. f3 O-O-O+ 9. Kc1 Bf5 10. Ne2 Nb4 11. Na3 Ned5 12. Bd2 a6 13. Bc4 b5 14.
Bb3 Nc6 15. Ng3 Be6 16. Re1 Be7 17. f4 g6 18. c3 Na5 19. Nc2 c5 20. Na3 Rd7 21.
Bc2 b4 22. Nb1 Nc4 23. f5 gxf5 24. Nxf5 Nxd2 25. Nxe7+ Rxe7 26. Kxd2 Rd8 27.
Kc1 Nf4 28. Bxh7 Nxg2 29. Rg1 Ne3 30. Rg8 Rxg8 31. Bxg8 Bf5 32. Nd2 Bg6 33. Nb3
Rxe5 0-1

[Event "Thüringenliga 2015/2016"]
[Site "?"]
[Date "2016.02.14"]
[Round "6"]
[White "Troyke, Christian"]
[Black "Eichelmann, Andre"]
[Result "1/2-1/2"]
[WhiteElo "2326"]
[BlackElo "1901"]
[PlyCount "90"]
[EventDate "2016.??.??"]
[WhiteTeam "Erfurter Schachklub"]
[BlackTeam "SC Suhl"]

1. g3 c5 2. Bg2 Nc6 3. Nf3 g6 4. O-O Bg7 5. e4 d6 6. c3 Bg4 7. h3 Bxf3 8. Bxf3
Qd7 9. Bg2 e6 10. Na3 Nge7 11. Nc2 O-O 12. d3 Rac8 13. Be3 b5 14. Qd2 a5 15.
Bh6 d5 16. Bxg7 Kxg7 17. exd5 exd5 18. h4 h5 19. Rfe1 Rfe8 20. d4 c4 21. Qf4
Ng8 22. Ne3 Nf6 23. Qg5 Ne7 24. Re2 Nh7 25. Qf4 Nf6 26. Rae1 Rcd8 27. Nc2 Nc6
28. Rxe8 Rxe8 29. Rxe8 Nxe8 30. Ne3 Nf6 31. Kh2 Ng4+ 32. Nxg4 hxg4 33. h5 f5
34. Qg5 Ne7 35. hxg6 Nxg6 36. f3 gxf3 37. Bxf3 Qe6 38. Kg2 Kf7 39. Bh5 Qf6 40.
Qh6 Qg7 41. Qf4 Qf6 42. Qc7+ Kg8 43. Qxa5 Qg5 44. Qa8+ Kg7 45. Bxg6 Qd2+
1/2-1/2

[Event "Thüringenliga 2015/2016"]
[Site "?"]
[Date "2016.02.14"]
[Round "6"]
[White "Berghof, Axel"]
[Black "Brüggemann, Joachim"]
[Result "0-1"]
[WhiteElo "2046"]
[BlackElo "2203"]
[PlyCount "82"]
[EventDate "2016.??.??"]
[WhiteTeam "SC Suhl"]
[BlackTeam "Erfurter Schachklub"]

1. e4 c5 2. Nf3 Nc6 3. d4 cxd4 4. Nxd4 Nf6 5. Nc3 d6 6. Be2 e5 7. Nb3 Be7 8.
O-O O-O 9. f4 a5 10. a4 Nb4 11. Bf3 Qb6+ 12. Kh1 Be6 13. f5 Bc4 14. Rg1 Nxc2
15. Nxa5 Qxa5 16. Qxc2 Rfc8 17. g4 d5 18. Qg2 Bc5 19. Rd1 Bb3 20. Rf1 d4 21. g5
Ne8 22. Nd5 Rc6 23. Bd2 Qd8 24. a5 d3 25. Rfc1 Bd4 26. f6 Rxc1+ 27. Rxc1 Bxd5
28. exd5 Nd6 29. fxg7 Rc8 30. Be4 Rxc1+ 31. Bxc1 Qc8 32. Bd2 Qc2 33. Bxh7+ Kxh7
34. Qh3+ Kxg7 35. Qh6+ Kg8 36. Qxd6 Qd1+ 37. Kg2 Qxd2+ 38. Kh3 Qxg5 39. Qb8+
Kg7 40. d6 d2 41. d7 d1=Q 0-1

[Event "Thüringenliga 2015/2016"]
[Site "?"]
[Date "2016.02.14"]
[Round "6"]
[White "Krüger, Rainer"]
[Black "Müller, Bernd"]
[Result "1-0"]
[WhiteElo "2068"]
[BlackElo "1704"]
[PlyCount "71"]
[EventDate "2016.??.??"]
[WhiteTeam "Erfurter Schachklub"]
[BlackTeam "SC Suhl"]

1. Nf3 d5 2. c4 d4 3. g3 c5 4. Bg2 Nc6 5. d3 e5 6. O-O Bd6 7. e3 Nge7 8. exd4
cxd4 9. Re1 f6 10. Na3 a6 11. Nc2 O-O 12. a3 Rb8 13. b4 b6 14. Bd2 Bg4 15. b5
axb5 16. cxb5 Na7 17. Qb1 Be6 18. Nfxd4 Bf7 19. Nf3 Bc5 20. Nb4 Rc8 21. Na6 Bg6
22. Bh3 Nf5 23. Nxc5 Rxc5 24. Bb4 Rxb5 25. a4 Rxb4 26. Qxb4 Nc8 27. Rac1 Qxd3
28. Nh4 Nxh4 29. Be6+ Bf7 30. Bxf7+ Kxf7 31. Qxh4 Kg8 32. Red1 Qf5 33. Rc7 Kh8
34. Qc4 h5 35. Rdd7 Rg8 36. Rxc8 1-0

[Event "Thüringenliga 2015/2016"]
[Site "?"]
[Date "2016.02.14"]
[Round "6"]
[White "Koch, Stefan"]
[Black "Duzy, Stefan"]
[Result "1/2-1/2"]
[WhiteElo "1902"]
[BlackElo "1875"]
[PlyCount "32"]
[EventDate "2016.??.??"]
[WhiteTeam "SC Suhl"]
[BlackTeam "Erfurter Schachklub"]

1. e4 e6 2. d4 d5 3. exd5 exd5 4. Bd3 Bd6 5. Nf3 Bg4 6. O-O Ne7 7. Bg5 Nbc6 8.
c3 f6 9. Be3 Qd7 10. Nbd2 O-O-O 11. Qa4 Kb8 12. b4 Nf5 13. Bb5 Nxe3 14. fxe3
Qe6 15. Bxc6 bxc6 16. Rae1 Bf5 1/2-1/2

[Event "Thüringenliga 2015/2016"]
[Site "?"]
[Date "2016.02.14"]
[Round "6"]
[White "Troyke, Doreen"]
[Black "Will, Ralph"]
[Result "1/2-1/2"]
[WhiteElo "2013"]
[BlackElo "1735"]
[PlyCount "73"]
[EventDate "2016.??.??"]
[WhiteTeam "Erfurter Schachklub"]
[BlackTeam "SC Suhl"]

1. c4 e5 2. g3 g6 3. Bg2 Bg7 4. Nc3 Ne7 5. e3 c5 6. Nge2 Nbc6 7. O-O O-O 8. Nd5
d6 9. d3 Be6 10. Nec3 Rb8 11. a3 a5 12. Qc2 Bf5 13. Bd2 Nxd5 14. Nxd5 Bd7 15.
Rab1 b5 16. b4 axb4 17. axb4 bxc4 18. Qxc4 cxb4 19. Nxb4 Nxb4 20. Rxb4 Be6 21.
Qa6 d5 22. Rfb1 Rxb4 23. Rxb4 Qa8 24. Qb5 Rc8 25. h4 h5 26. Rb2 Qa1+ 27. Kh2
Qa8 28. e4 d4 29. f4 Qc6 30. fxe5 Qc5 31. Bf4 Qc3 32. Bg5 Kh7 33. Bf3 Rc5 34.
Qb4 Rc8 35. Qb5 Rc5 36. Qb4 Rc8 37. Qb5 1/2-1/2

[Event "Thüringenliga 2015/2016"]
[Site "?"]
[Date "2016.02.14"]
[Round "6"]
[White "Fuhrmann, Christian"]
[Black "Fischer, Dieter"]
[Result "1/2-1/2"]
[WhiteElo "1771"]
[BlackElo "1903"]
[PlyCount "80"]
[EventDate "2016.??.??"]
[WhiteTeam "SC Suhl"]
[BlackTeam "Erfurter Schachklub"]

1. d4 d5 2. c4 c6 3. Nc3 Nf6 4. Nf3 e6 5. e3 Nbd7 6. Bd3 Bd6 7. O-O O-O 8. b3
b6 9. Bb2 Bb7 10. Qe2 Re8 11. Rfd1 Qe7 12. cxd5 exd5 13. Rac1 Ne4 14. g3 Rad8
15. Nh4 g6 16. Nxe4 dxe4 17. Bb1 Nf6 18. Ng2 Nd5 19. a4 Nb4 20. Bc3 a5 21. Ne1
Qe6 22. Bxb4 Bxb4 23. Qc4 Rd5 24. Ng2 g5 25. Qc2 Qh3 26. f4 h6 27. Rf1 Kg7 28.
fxg5 hxg5 29. Qf2 f5 30. Rfd1 Qg4 31. Rf1 Rh8 32. Bc2 Qh3 33. Ne1 c5 34. Bxe4
Rf8 35. Bxd5 Bxd5 36. Nd3 Ba3 37. Rc3 Qg4 38. dxc5 Qe4 39. Qf3 Qxf3 40. Rxf3
Bxf3 1/2-1/2

[Event "Thüringenliga 2015/2016"]
[Site "?"]
[Date "2016.02.14"]
[Round "6"]
[White "Wehner, Janis"]
[Black "Siebarth, Raiko"]
[Result "1/2-1/2"]
[WhiteElo "2157"]
[BlackElo "2205"]
[PlyCount "82"]
[EventDate "2016.??.??"]
[WhiteTeam "SV Medizin Erfurt"]
[BlackTeam "SG Blau-Weiß Stadtilm"]

1. e4 c5 2. Nf3 e6 3. d4 cxd4 4. Nxd4 Nc6 5. Nxc6 bxc6 6. Bd3 Nf6 7. O-O d5 8.
Qe2 Be7 9. c4 O-O 10. Nd2 Bb7 11. b3 Nd7 12. exd5 cxd5 13. cxd5 Bxd5 14. Bb2
Bf6 15. Bxf6 Nxf6 16. Rfd1 Rc8 17. Ne4 Bxe4 18. Bxe4 Qc7 19. Bf3 Qc3 20. Rab1
Rfd8 21. Rxd8+ Rxd8 22. Rd1 Rxd1+ 23. Qxd1 g5 24. h3 Kg7 25. Qe2 h6 26. Qa6
Qa1+ 27. Kh2 Qd4 28. Qe2 e5 29. g3 e4 30. Bg2 h5 31. Qe3 Qxe3 32. fxe3 Kf8 33.
Kg1 Ke7 34. Kf2 Kd6 35. Bf1 Nd7 36. h4 g4 37. Bb5 Ne5 38. a3 Ng6 39. Be8 Ke6
40. Bc6 Ke5 41. Be8 Ke6 1/2-1/2

[Event "Thüringenliga 2015/2016"]
[Site "?"]
[Date "2016.02.14"]
[Round "6"]
[White "Schneider, Christian"]
[Black "Hausknecht, Matthias"]
[Result "1/2-1/2"]
[WhiteElo "2181"]
[BlackElo "2113"]
[PlyCount "113"]
[EventDate "2016.??.??"]
[WhiteTeam "SG Blau-Weiß Stadtilm"]
[BlackTeam "SV Medizin Erfurt"]

1. e4 e5 2. Nf3 Nc6 3. Bc4 Be7 4. d4 exd4 5. Nxd4 d6 6. Nc3 Nf6 7. O-O O-O 8.
h3 Re8 9. Re1 Ne5 10. Bb3 c6 11. f4 Ng6 12. Kh1 Qc7 13. e5 dxe5 14. fxe5 Nd5
15. Bxd5 cxd5 16. Nxd5 Qc4 17. Nxe7+ Rxe7 18. Bg5 Rd7 19. c3 h6 20. Bd2 Re7 21.
Qf3 Be6 22. Bf4 Rae8 23. Qf2 Bd7 24. a3 Nxe5 25. Bxe5 Rxe5 26. Rxe5 Rxe5 27.
Re1 Qd5 28. Rxe5 Qxe5 29. Nf3 Qe4 30. Kg1 b6 31. Nd4 Bc8 32. Qe2 Qxe2 33. Nxe2
Kf8 34. Kf2 Ke7 35. Nd4 Bd7 36. Ke3 f5 37. c4 Kf6 38. b4 Ke5 39. Nf3+ Kd6 40.
g3 f4+ 41. Kxf4 Bxh3 42. Nd4 Bf1 43. Nf5+ Kd7 44. Ne3 Bd3 45. Ke5 Be2 46. a4
Bd3 47. Kd4 Bb1 48. c5 bxc5+ 49. Kxc5 h5 50. Kd5 g5 51. Ke5 h4 52. gxh4 gxh4
53. Kf4 Kd6 54. Kg4 Ke5 55. Nc4+ Kd4 56. Nd6 a6 57. b5 1/2-1/2

[Event "Thüringenliga 2015/2016"]
[Site "?"]
[Date "2016.02.14"]
[Round "6"]
[White "Nguyen, Huy Dat"]
[Black "Neubauer, Andreas"]
[Result "1/2-1/2"]
[WhiteElo "2082"]
[BlackElo "2056"]
[PlyCount "105"]
[EventDate "2016.??.??"]
[WhiteTeam "SV Medizin Erfurt"]
[BlackTeam "SG Blau-Weiß Stadtilm"]

1. e4 c5 2. Nf3 e6 3. d4 cxd4 4. Nxd4 a6 5. Bd3 Qc7 6. O-O Nf6 7. Kh1 Be7 8. f4
d6 9. a4 O-O 10. Nc3 Nbd7 11. Nb3 b6 12. Qe2 Bb7 13. Bd2 e5 14. f5 d5 15. exd5
Nxd5 16. Nxd5 Bxd5 17. Bc3 Qb7 18. Rae1 f6 19. Bc4 Qc6 20. Bxd5+ Qxd5 21. Rd1
Qc6 22. Qg4 Rac8 23. Rf3 Rf7 24. Rh3 Nf8 25. Re3 Qc4 26. Re4 Qc7 27. Nd2 b5 28.
axb5 axb5 29. Nf1 Rd8 30. Ree1 Rb8 31. Ne3 b4 32. Bd2 Qc6 33. c4 bxc3 34. Bxc3
Rd8 35. Rc1 Qb5 36. Ra1 Qb3 37. Ra5 Bd6 38. Qe2 Rfd7 39. Rb5 Qf7 40. Rd5 Bb8
41. Rxd7 Rxd7 42. Nc4 Ba7 43. Ra1 Qd5 44. h3 Bd4 45. Rd1 Qc5 46. Bxd4 Rxd4 47.
Rxd4 Qxd4 48. Ne3 Kf7 49. Nd1 g6 50. Nc3 Nd7 51. Nb5 Qd5 52. Nc3 Qd4 53. Nb5
1/2-1/2

[Event "Thüringenliga 2015/2016"]
[Site "?"]
[Date "2016.02.14"]
[Round "6"]
[White "George, Tom"]
[Black "Kirschbaum, Gunnar"]
[Result "1-0"]
[WhiteElo "2044"]
[BlackElo "2114"]
[PlyCount "79"]
[EventDate "2016.??.??"]
[WhiteTeam "SG Blau-Weiß Stadtilm"]
[BlackTeam "SV Medizin Erfurt"]

1. e4 d6 2. d4 e5 3. Nf3 Nf6 4. dxe5 Nxe4 5. Qd5 Nc5 6. Bg5 Be7 7. exd6 Qxd6 8.
Nc3 a6 9. O-O-O Be6 10. Qxd6 Bxd6 11. Nd4 Bd7 12. Bc4 O-O 13. Rhe1 Nc6 14. Nxc6
Bxc6 15. Be7 Bxe7 16. Rxe7 Bxg2 17. Rxc7 Bc6 18. Nd5 Ne6 19. Ne7+ Kh8 20. Bxe6
fxe6 21. Nxc6 bxc6 22. Rxc6 Rxf2 23. Rxa6 Raf8 24. b4 Rxh2 25. b5 g5 26. Rxe6
g4 27. a4 g3 28. Rg1 Rc8 29. Rxg3 Rhxc2+ 30. Kd1 R2c4 31. a5 Rc1+ 32. Kd2 R1c2+
33. Ke3 R2c3+ 34. Kf2 Rf8+ 35. Kg2 Rc2+ 36. Kh3 Rc5 37. Rb6 Rh5+ 38. Kg2 Rh6
39. Rxh6 Rf2+ 40. Kh1 1-0

[Event "Thüringenliga 2015/2016"]
[Site "?"]
[Date "2016.02.14"]
[Round "6"]
[White "Reichel, Norbert"]
[Black "Siebarth, Marco"]
[Result "1/2-1/2"]
[WhiteElo "2040"]
[BlackElo "1953"]
[PlyCount "44"]
[EventDate "2016.??.??"]
[WhiteTeam "SV Medizin Erfurt"]
[BlackTeam "SG Blau-Weiß Stadtilm"]

1. d4 d5 2. Nf3 Nf6 3. c4 c6 4. g3 e6 5. Bg2 Be7 6. O-O O-O 7. Qc2 Nbd7 8. Nbd2
b6 9. e4 dxe4 10. Nxe4 Bb7 11. Nxf6+ Bxf6 12. Rd1 Qe7 13. h4 h6 14. Bf4 Rfd8
15. Ne5 Bxe5 16. dxe5 Nf8 17. h5 c5 18. Qe2 Bxg2 19. Kxg2 Rxd1 20. Rxd1 Rd8 21.
Rd2 Rxd2 22. Bxd2 Qb7+ 1/2-1/2

[Event "Thüringenliga 2015/2016"]
[Site "?"]
[Date "2016.02.14"]
[Round "6"]
[White "Werner, Justus"]
[Black "Müller-Ludwig, Kristin"]
[Result "1/2-1/2"]
[WhiteElo "1895"]
[BlackElo "1935"]
[PlyCount "85"]
[EventDate "2016.??.??"]
[WhiteTeam "SG Blau-Weiß Stadtilm"]
[BlackTeam "SV Medizin Erfurt"]

1. d4 Nf6 2. c4 g6 3. Nc3 Bg7 4. g3 O-O 5. Bg2 d6 6. e3 Nbd7 7. Nge2 e5 8. O-O
a6 9. b3 Rb8 10. a4 Re8 11. Bb2 c6 12. Qc2 Qc7 13. Rac1 Nf8 14. d5 c5 15. e4
Ng4 16. h3 Nh6 17. Kh2 f5 18. Rce1 fxe4 19. Bxe4 Nf5 20. Bc1 Bd7 21. f4 Nd4 22.
Nxd4 exd4 23. Nd1 b5 24. axb5 axb5 25. Bd3 Qb7 26. Nf2 bxc4 27. bxc4 Ra8 28.
Rxe8 Bxe8 29. Ne4 Qb6 30. Rf2 Bd7 31. Kg2 Bf5 32. Ng5 Bxd3 33. Qxd3 Ra1 34. Rb2
Qa7 35. Rc2 Bf6 36. Ne4 Be7 37. Qb3 Nd7 38. Nf2 Nf6 39. Kf3 Bf8 40. Qb2 Ra4 41.
Nd3 Qa6 42. Qb3 Qa8 43. Re2 1/2-1/2

[Event "Thüringenliga 2015/2016"]
[Site "?"]
[Date "2016.02.14"]
[Round "6"]
[White "Jakob, Matthias"]
[Black "Berner, Stephan"]
[Result "1/2-1/2"]
[WhiteElo "1952"]
[BlackElo "1865"]
[PlyCount "36"]
[EventDate "2016.??.??"]
[WhiteTeam "SV Medizin Erfurt"]
[BlackTeam "SG Blau-Weiß Stadtilm"]

1. Nc3 d5 2. Nf3 c5 3. e4 d4 4. Ne2 Nc6 5. Ng3 a6 6. a4 e5 7. Bc4 Bd6 8. O-O
Nf6 9. d3 Na5 10. b3 Rb8 11. Bd2 Nc6 12. a5 O-O 13. Nh4 Ne7 14. Bg5 Ng6 15.
Nhf5 h6 16. Bxf6 Qxf6 17. Nh5 Qg5 18. f4 Nxf4 1/2-1/2

[Event "Thüringenliga 2015/2016"]
[Site "?"]
[Date "2016.02.14"]
[Round "6"]
[White "Wolf, Philipp"]
[Black "Nguyen, Ha Thanh"]
[Result "0-1"]
[WhiteElo "1605"]
[BlackElo "1689"]
[PlyCount "52"]
[EventDate "2016.??.??"]
[WhiteTeam "SG Blau-Weiß Stadtilm"]
[BlackTeam "SV Medizin Erfurt"]

1. e4 c5 2. Nf3 Nc6 3. d4 cxd4 4. Nxd4 g6 5. c4 Bg7 6. Be3 Nf6 7. Nc3 O-O 8.
Be2 d6 9. O-O Bd7 10. f3 Nxd4 11. Bxd4 Bc6 12. b4 b6 13. Qc2 Qd7 14. Rfd1 Rac8
15. c5 bxc5 16. bxc5 d5 17. Bxf6 Bxf6 18. exd5 Ba8 19. Bb5 Qd8 20. c6 Bxc3 21.
Qxc3 Qb6+ 22. Qd4 Qxb5 23. Qxa7 Qb4 24. Rdc1 Qd6 25. Rc5 e6 26. dxe6 Qd4+ 0-1

[Event "Thüringenliga 2015/2016"]
[Site "?"]
[Date "2016.02.14"]
[Round "6"]
[White "Welde, Kevin"]
[Black "Darr, Sascha"]
[Result "0-1"]
[WhiteElo "1933"]
[BlackElo "2066"]
[PlyCount "52"]
[EventDate "2016.??.??"]
[WhiteTeam "VfL 1990 Gera"]
[BlackTeam "SV Jenapharm Jena"]

1. Nf3 Nf6 2. d4 e6 3. c4 b6 4. Nc3 Bb7 5. Bg5 Be7 6. e3 O-O 7. Bd3 d6 8. O-O
Nbd7 9. Qc2 h6 10. Bxf6 Bxf6 11. Rfd1 g6 12. b4 a5 13. b5 Bg7 14. Rac1 f5 15.
Na4 e5 16. dxe5 Bxf3 17. gxf3 Nxe5 18. Be2 f4 19. Qe4 Qh4 20. Nxb6 cxb6 21.
Rxd6 Rae8 22. Rxb6 Kh8 23. Qb7 fxe3 24. Rf1 exf2+ 25. Kh1 Nxf3 26. Bxf3 Be5 0-1

[Event "Thüringenliga 2015/2016"]
[Site "?"]
[Date "2016.02.14"]
[Round "6"]
[White "August, Daniel"]
[Black "Seidens, Gunter"]
[Result "1-0"]
[WhiteElo "2025"]
[BlackElo "1826"]
[PlyCount "89"]
[EventDate "2016.??.??"]
[WhiteTeam "SV Jenapharm Jena"]
[BlackTeam "VfL 1990 Gera"]

1. g3 g6 2. Bg2 Bg7 3. c4 c5 4. Nc3 Nc6 5. a3 d6 6. Rb1 a5 7. Nf3 e5 8. d3 Nge7
9. O-O O-O 10. Ne1 f5 11. Nc2 h6 12. Bd2 Kh7 13. b4 axb4 14. axb4 Ra7 15. bxc5
dxc5 16. Ne3 Nd4 17. Ned5 Nxd5 18. Nxd5 Bd7 19. e3 Ba4 20. Qe1 Ne6 21. Ra1 Ra6
22. Nc3 Bc2 23. Bxb7 Rxa1 24. Qxa1 Bxd3 25. Rd1 e4 26. Qa6 Ng5 27. Nd5 Nf3+ 28.
Kg2 g5 29. Bc3 Ne5 30. Bxe5 Bxe5 31. Qe6 Qe8 32. Ne7 Bg7 33. Bd5 Qh5 34. Re1
Be2 35. Bxe4 fxe4 36. Qxe4+ Kh8 37. Ng6+ Kg8 38. Nxf8 Bxf8 39. f3 Bxf3+ 40.
Qxf3 Qe8 41. Qd5+ Kh7 42. Qf5+ Kg7 43. Rf1 Be7 44. Qe5+ Kg6 45. Qe6+ 1-0

[Event "Thüringenliga 2015/2016"]
[Site "?"]
[Date "2016.02.14"]
[Round "6"]
[White "Schönfeld, Volker"]
[Black "Mißbach, Bernd"]
[Result "1-0"]
[WhiteElo "1898"]
[BlackElo "1961"]
[PlyCount "75"]
[EventDate "2016.??.??"]
[WhiteTeam "VfL 1990 Gera"]
[BlackTeam "SV Jenapharm Jena"]

1. d4 g6 2. c4 Bg7 3. Nc3 c5 4. d5 d6 5. e4 Na6 6. Bd3 Nf6 7. h3 O-O 8. Nf3 Bd7
9. O-O Ne8 10. Be3 Nec7 11. Qd2 Rb8 12. a4 Nb4 13. e5 Nxd3 14. Qxd3 Bf5 15. Qd2
b6 16. Bh6 Rb7 17. Bxg7 Kxg7 18. Rfe1 Bc8 19. Ne4 f6 20. e6 a6 21. Nh4 Qe8 22.
f4 b5 23. axb5 axb5 24. b3 Qd8 25. f5 Qe8 26. fxg6 hxg6 27. Re3 Rh8 28. Qf2 Rh6
29. Qg3 Kh7 30. Rf1 Qh8 31. Ref3 Ne8 32. Ng5+ fxg5 33. Rf7+ Ng7 34. Qxg5 bxc4
35. bxc4 Ra7 36. Rf8 Qxf8 37. Rxf8 Ra1+ 38. Kh2 1-0

[Event "Thüringenliga 2015/2016"]
[Site "?"]
[Date "2016.02.14"]
[Round "6"]
[White "Wicklein, Stefan"]
[Black "Huster, Mike"]
[Result "1-0"]
[WhiteElo "1952"]
[BlackElo "1900"]
[PlyCount "77"]
[EventDate "2016.??.??"]
[WhiteTeam "SV Jenapharm Jena"]
[BlackTeam "VfL 1990 Gera"]

1. d4 Nf6 2. Nf3 e6 3. g3 d5 4. Bg2 Be7 5. c4 O-O 6. O-O b6 7. Nc3 Bb7 8. Ne5
Nbd7 9. Nxd7 Qxd7 10. b3 Rfd8 11. Bb2 Rac8 12. e3 Ba6 13. Qe2 c5 14. dxc5 Bxc5
15. Rfd1 Qe7 16. Nb5 Bxb5 17. cxb5 Ba3 18. Rac1 Bxb2 19. Qxb2 Qb4 20. a4 Nd7
21. Rxc8 Rxc8 22. e4 Nf6 23. exd5 exd5 24. Qb1 Re8 25. Bf3 h6 26. Kg2 Ne4 27.
Bxe4 dxe4 28. Qc2 Qe7 29. Re1 g5 30. Qc6 Kh7 31. Rd1 Qe5 32. Rd5 Qe6 33. Rd6
Qe5 34. Rxh6+ Kg7 35. Rh5 f6 36. Qd7+ Re7 37. Qh3 Kf7 38. Rh7+ Ke8 39. Qc8# 1-0

[Event "Thüringenliga 2015/2016"]
[Site "?"]
[Date "2016.02.14"]
[Round "6"]
[White "Vater, Rainer"]
[Black "Manicke, Hans-Joachim"]
[Result "0-1"]
[WhiteElo "1904"]
[BlackElo "1876"]
[PlyCount "100"]
[EventDate "2016.??.??"]
[WhiteTeam "SV Jenapharm Jena"]
[BlackTeam "VfL 1990 Gera"]

1. e4 c6 2. Nc3 d5 3. Nf3 dxe4 4. Nxe4 Nd7 5. d4 e6 6. Bc4 Nb6 7. Bb3 Nf6 8.
Qe2 Be7 9. Bd2 a5 10. c3 O-O 11. O-O Nbd5 12. Ne5 Nxe4 13. Qxe4 Nf6 14. Qf3 c5
15. Be3 Qc7 16. h3 Bd7 17. Rfd1 Rad8 18. Rd2 b5 19. Rad1 c4 20. Bc2 Bc8 21. Qc6
Qb7 22. g4 Rd6 23. Qxb7 Bxb7 24. Bf4 Nd5 25. Bg3 Rdd8 26. Re1 Bd6 27. g5 Bxe5
28. Bxe5 b4 29. Be4 Ba8 30. Rc2 Rc8 31. Bxd5 Bxd5 32. cxb4 axb4 33. Bd6 b3 34.
Bxf8 bxc2 35. Bb4 f6 36. gxf6 gxf6 37. Bd2 Kf7 38. Re3 h5 39. f3 Rb8 40. Bc1 h4
41. Rc3 Rg8+ 42. Kh2 Rg3 43. Rxc2 Rxf3 44. Kg1 Rxh3 45. Rh2 Rd3 46. Rd2 Re3 47.
Rf2 Re1+ 48. Rf1 Re4 49. Rd1 Re2 50. Kf1 Rc2 0-1

[Event "Thüringenliga 2015/2016"]
[Site "?"]
[Date "2016.02.14"]
[Round "6"]
[White "Kretzschmar, Bernd"]
[Black "Rauhut, Frank"]
[Result "1-0"]
[WhiteElo "1810"]
[BlackElo "1890"]
[PlyCount "61"]
[EventDate "2016.??.??"]
[WhiteTeam "VfL 1990 Gera"]
[BlackTeam "SV Jenapharm Jena"]

1. e4 g6 2. d4 Bg7 3. Nf3 c5 4. c3 cxd4 5. cxd4 d5 6. e5 Nh6 7. Nc3 O-O 8. Bd3
Nc6 9. h3 Nf5 10. Bb1 e6 11. O-O Qb6 12. Na4 Qc7 13. b3 Nfxd4 14. Nxd4 Nxd4 15.
Bb2 Nc6 16. f4 b5 17. Nc3 Qb6+ 18. Kh1 Bb7 19. Bd3 a6 20. Rc1 Rac8 21. a3 Bh6
22. Ne2 Na5 23. Rxc8 Rxc8 24. Nd4 Bf8 25. f5 Nc6 26. fxg6 hxg6 27. Nxe6 fxe6
28. Bxg6 Rc7 29. Qg4 Rg7 30. Qxe6+ Kh8 31. Rxf8+ 1-0